000 00908cam a2200277 a 4500
008
020 _a9780323074032 (hbk.)
049 _aMAIN
090 _aREF R121
_bMOS
245 0 0 _aMosby's dictionary of medicine, nursing & health professions /[edited by] Marie T O'Toole.
250 _a9th ed.
260 _aSt. Louis, Missouri :
_bElsevier/Mosby,
_cc2013.
300 _axiv, A-43, 1989 p. :
_bill. (chiefly col.) ;
_c26 cm.
650 0 _aMedicine
_vDictionaries.
650 0 _aNursing
_vDictionaries.
650 1 2 _aMedicine
_vDictionary
_xEnglish.
650 2 2 _aAllied Health Occupations
_vDictionary
_xEnglish.
650 2 2 _aNursing
_vDictionary
_xEnglish.
700 _aO'Toole, Marie T.
710 2 _aMosby, Inc.
907 _a.b10364602
_b02-11-15
_c30-10-15
003
005 20230120204206.0
040 _cNUST
942 _cBOOKS
_kREF R121
_mMOS
999 _c118798
_d118798